| 000 -LEADER |
| fixed length control field |
00407 a2200169 4500 |
| 003 - CONTROL NUMBER IDENTIFIER |
| control field |
OSt |
| 005 - DATE AND TIME OF LATEST TRANSACTION |
| control field |
20240418115841.0 |
| 008 - FIXED-LENGTH DATA ELEMENTS--GENERAL INFORMATION |
| fixed length control field |
240418b ||||| |||| 00| 0 eng d |
| 020 ## - INTERNATIONAL STANDARD BOOK NUMBER |
| International Standard Book Number |
978-0471533696 |
| 082 ## - DEWEY DECIMAL CLASSIFICATION NUMBER |
| Classification number |
721.0284 |
| 100 ## - MAIN ENTRY--PERSONAL NAME |
| Personal name |
Charles George Ramsey, Harold Sleeper |
| 245 ## - TITLE STATEMENT |
| Title |
Architectural Graphic Standards |
| 250 ## - EDITION STATEMENT |
| Edition statement |
9th/ed., |
| 260 ## - PUBLICATION, DISTRIBUTION, ETC. (IMPRINT) |
| Name of publisher, distributor, etc |
Wiley |
| Date of publication, distribution, etc |
1992 |
| 300 ## - PHYSICAL DESCRIPTION |
| Extent |
918p., |
| 942 ## - ADDED ENTRY ELEMENTS (KOHA) |
| Source of classification or shelving scheme |
|